| 000 | 01093nac a22003011i 4500 | ||
|---|---|---|---|
| 003 | EG-ScBUE | ||
| 005 | 20240220093646.0 | ||
| 008 | 121120s2005 ua f b 000 0 ara d | ||
| 017 | _a2005 / 7080 | ||
| 020 | _a9775222591 | ||
| 040 |
_aEG-ScBUE _bara _erda _cEG-ScBUE _dEG-ScBUE |
||
| 043 | _af-ua--- | ||
| 082 | 0 | 4 |
_a962.055 _bغ ن ي _222 |
| 100 | 1 |
_aغنيم، عادل، _eمؤلف. _931356 |
|
| 245 | 1 | 0 |
_aأزمة الدولة المصرية المعاصرة / _cعادل غنيم. |
| 250 | _aالطبعة الأولى. | ||
| 264 | 1 |
_aالقاهرة : _bدار العالم الثالث، _c2005. |
|
| 300 |
_a264 صفحة ؛ _c24 سم |
||
| 336 |
_2rdacontent _aنص _btxt |
||
| 337 |
_aبدون وسيط _2rdamedia _bn |
||
| 338 |
_aمجلد _bnc _2rdacarrier |
||
| 504 | _aيشتمل على إرجاعات ببليوجرافية. | ||
| 651 | 7 |
_aمصر _xأحوال سياسية. _2BUEsh _931358 |
|
| 651 | 7 |
_aمصر _xأحوال اقتصادية. _2BUEsh _931359 |
|
| 651 | 7 |
_aمصر _xتاريخ _yالعصر الحديث. _2BUEsh _931360 |
|
| 655 | _vReading book | ||
| 942 |
_cBB _2ddc |
||
| 999 |
_c7885 _d7885 |
||